| 000 | 01031cam a2200301 a 4500 | ||
|---|---|---|---|
| 001 | 11900858 | ||
| 003 | PILC | ||
| 005 | 20150907085640.0 | ||
| 008 | 000201s2000 nyu 000 1 eng | ||
| 010 | _a 00024759 | ||
| 020 | _a0312270801 | ||
| 040 |
_aDLC _cDLC _dDLC |
||
| 050 | 0 | 0 |
_aPS 3569.C51515 _b.Sc347 2000 |
| 082 | 0 | 0 | _a813/.6 |
| 100 | 1 | _aSchmais, Libby. | |
| 245 | 1 | 4 |
_aThe perfect Elizabeth : _ba tale of two sisters / _cLibby Schmais. |
| 250 | _a1st edition. | ||
| 260 |
_aNew York : _bSt. Martin's Press, _c2000. |
||
| 300 |
_a228 pages ; _c22 cm. |
||
| 500 | _a"Thomas Dunne books"--T.p. verso. | ||
| 650 | 0 |
_aYoung women _vFiction. |
|
| 650 | 0 |
_aSisters _vFiction. |
|
| 655 | 7 |
_aLove stories. _2gsafd |
|
| 655 | 7 |
_aBildungsromane. _2gsafd |
|
| 906 |
_a7 _bcbc _corignew _d1 _eocip _f20 _gy-gencatlg |
||
| 942 |
_2lcc _cBK _kFOR |
||
| 999 |
_c288621 _d288621 |
||